[Event "IX Festival A"]
[Site "Cesenatico ITA"]
[Date "2004.09.07"]
[Round "4"]
[White "D'Innocente, Stefano"]
[Black "Hess, Christian Mathias"]
[Result "1-0"]
[WhiteElo "2197"]
[BlackElo "2318"]
[PlyCount "63"]
[EventDate "2004.09.04"]

1. e4 e6 2. d4 d5 3. Nd2 c5 4. exd5 exd5 5. Ngf3 Nc6 6. Bb5 Bd6 7. dxc5 Bxc5 8.
O-O Nge7 9. Nb3 Bd6 10. Re1 O-O 11. h3 Nf5 12. Bg5 Qb6 13. a4 h6 14. Bd2 a6 15.
Bd3 Rd8 16. g4 Nfe7 17. Be3 Qc7 18. a5 Rf8 19. Bb6 Qb8 20. Nfd4 Ne5 21. Be2 Nc4
22. Bxc4 dxc4 23. Nd2 f5 24. Nxc4 Bh2+ 25. Kh1 fxg4 26. Rxe7 Rxf2 27. Ne6 Bxe6
28. Bxf2 Bxc4 29. Qd4 Bf7 30. hxg4 Bd6 31. Rxf7 Kxf7 32. Qd5+ 1-0

[Event "IX Festival A"]
[Site "Cesenatico ITA"]
[Date "2004.09.07"]
[Round "4"]
[White "Da Forno, Roberto"]
[Black "Cottarelli, Franco"]
[Result "1-0"]
[WhiteElo "1748"]
[BlackElo "1942"]
[PlyCount "143"]
[EventDate "2004.09.04"]

1. e4 c6 2. Nc3 d5 3. Nf3 dxe4 4. Nxe4 Nf6 5. Nxf6+ gxf6 6. c3 Bf5 7. d4 Qc7 8.
Bd3 Bxd3 9. Qxd3 Nd7 10. Be3 e6 11. Qc2 h5 12. O-O-O Nb6 13. g3 O-O-O 14. Kb1
Nc4 15. Qb3 Nxe3 16. fxe3 Bh6 17. e4 Rd7 18. c4 Rhd8 19. Rd3 Qa5 20. Rhd1 f5
21. e5 Qb6 22. Qxb6 axb6 23. Kc2 Bf8 24. Nh4 Be7 25. Ng2 Kc7 26. h4 b5 27. cxb5
cxb5 28. Nf4 Ra8 29. Nxh5 Rxa2 30. d5 Rxd5 31. Rxd5 exd5 32. Rxd5 Kc6 33. Rd3
Ra4 34. Ng7 Re4 35. Nxf5 Rxe5 36. Nxe7+ Rxe7 37. Rf3 Re2+ 38. Kc3 b4+ 39. Kb3
Rg2 40. h5 Kd6 41. h6 Ke7 42. h7 Rh2 43. Re3+ Kf6 44. Re4 Rxh7 45. Rxb4 Rh3 46.
Rg4 Kf5 47. Rg8 Ke4 48. Kc4 f5 49. b4 Kf3 50. Rg5 Rh7 51. Rxf5+ Kxg3 52. Kc5
Kg4 53. Rf8 Re7 54. b5 Rh7 55. Kb6 Re7 56. Rb8 Kf5 57. Rxb7 Re6+ 58. Ka7 Re5
59. Rd7 Re8 60. b6 Ke6 61. Rd1 Rh8 62. b7 Rh2 63. b8=Q Ra2+ 64. Kb7 Rb2+ 65.
Kc7 Rc2+ 66. Kd8 Rf2 67. Qd6+ Kf7 68. Qe7+ Kg6 69. Rg1+ Kf5 70. Rg5+ Kf4 71.
Qe5+ Kf3 72. Rg3# 1-0

[Event "IX Festival A"]
[Site "Cesenatico ITA"]
[Date "2004.09.07"]
[Round "4"]
[White "Dallaglio, Giovanni"]
[Black "Maddaloni, Giovanni"]
[Result "1-0"]
[WhiteElo "2057"]
[BlackElo "1849"]
[PlyCount "51"]
[EventDate "2004.09.04"]

1. d4 Nf6 2. Nf3 Nc6 3. c4 e6 4. Nc3 Bb4 5. Bg5 h6 6. Bh4 d6 7. Qc2 g5 8. Bg3
b6 9. e3 Bb7 10. Bd3 Qe7 11. a3 Bxc3+ 12. Qxc3 O-O-O 13. b4 Nh5 14. O-O Nb8 15.
a4 Bxf3 16. gxf3 c6 17. a5 Rhf8 18. axb6 axb6 19. Ra8 Rd7 20. Rfa1 Rb7 21. b5
Kc7 22. c5 Nxg3 23. cxd6+ Qxd6 24. fxg3 f5 25. Rc1 Nd7 26. Qxc6+ 1-0

[Event "IX Festival A"]
[Site "Cesenatico ITA"]
[Date "2004.09.07"]
[Round "4"]
[White "De Vita, Igor"]
[Black "Skembris, Spyridon"]
[Result "0-1"]
[WhiteElo "2156"]
[BlackElo "2434"]
[PlyCount "54"]
[EventDate "2004.09.04"]

1. d4 c5 2. d5 e5 3. e4 d6 4. c4 Be7 5. Bd3 Bg5 6. Nc3 Bxc1 7. Qxc1 Nh6 8. Nge2
O-O 9. Ng3 a6 10. O-O Qh4 11. f3 g6 12. Nh1 f5 13. Qe1 Qf6 14. Qd2 f4 15. g4
Nf7 16. Qg2 h5 17. h3 Qh4 18. Nf2 Ng5 19. Ne2 b6 20. Rfb1 Ra7 21. Kf1 Rh7 22.
a3 Nd7 23. Ke1 hxg4 24. hxg4 Qh2 25. Kf1 Qh4 26. Ke1 Kg7 27. Kd2 Qh2 0-1

[Event "IX Festival A"]
[Site "Cesenatico ITA"]
[Date "2004.09.07"]
[Round "4"]
[White "Del Nevo, Claudio"]
[Black "Koops, Randolf"]
[Result "0-1"]
[WhiteElo "1941"]
[BlackElo "2118"]
[PlyCount "93"]
[EventDate "2004.09.04"]

1. d4 Nc6 2. Nf3 d6 3. h3 Bf5 4. c3 Nf6 5. Bg5 Ne4 6. Nbd2 Nxg5 7. Nxg5 e5 8.
Ngf3 e4 9. d5 Ne7 10. Nxe4 Bxe4 11. Qa4+ Qd7 12. Qxe4 Qb5 13. Qc2 Qxd5 14. e3
g6 15. b3 Bg7 16. Bc4 Qc5 17. Rc1 b5 18. Bd3 Nd5 19. Nd4 b4 20. Bb5+ Kf8 21.
Bc6 Rb8 22. Bxd5 Qxd5 23. O-O c5 24. c4 Qb7 25. Nb5 Ke7 26. Rcd1 Rhd8 27. Rd5
a6 28. Nxd6 Rxd6 29. Rxc5 Rbd8 30. Qe2 h5 31. f3 Qb6 32. Rd5 Rxd5 33. cxd5 Rxd5
34. Kh1 Qd6 35. Qc4 Bc3 36. Qe4+ Kf8 37. Qc4 Rd2 38. a3 Qg3 39. Rg1 a5 40. a4
Qg5 41. f4 Qg3 42. Qe4 Kg7 43. Qf3 Qxf3 44. gxf3 Rb2 45. Rg5 Rxb3 46. Rxa5 Rb1+
47. Kg2 0-1

[Event "IX Festival A"]
[Site "Cesenatico ITA"]
[Date "2004.09.07"]
[Round "4"]
[White "Emami, Madjid"]
[Black "Battaglia, Edoardo"]
[Result "1/2-1/2"]
[WhiteElo "2081"]
[BlackElo "1877"]
[PlyCount "48"]
[EventDate "2004.09.04"]

1. Nf3 d5 2. g3 c6 3. Bg2 Bg4 4. d3 e6 5. Nbd2 Bd6 6. O-O Nd7 7. c4 Ne7 8. a3
a5 9. b3 O-O 10. Bb2 f6 11. Rc1 e5 12. Qc2 h6 13. e3 Ng6 14. Rfe1 Qe7 15. Ra1
Qe6 16. Bc3 b5 17. b4 a4 18. cxb5 cxb5 19. Rac1 Nb6 20. Bb2 Rac8 21. Qb1 Qe7
22. Rxc8 Rxc8 23. Rc1 Bf5 24. Ne1 Be6 1/2-1/2

[Event "IX Festival A"]
[Site "Cesenatico ITA"]
[Date "2004.09.07"]
[Round "4"]
[White "Estremera Panos, Sergio"]
[Black "Bentivegna, Francesco"]
[Result "1-0"]
[WhiteElo "2341"]
[BlackElo "2250"]
[PlyCount "80"]
[EventDate "2004.09.04"]

1. d4 d5 2. c4 e6 3. Nf3 c5 4. cxd5 exd5 5. g3 Nc6 6. Bg2 Nf6 7. O-O Be7 8. Nc3
O-O 9. Bg5 cxd4 10. Nxd4 h6 11. Be3 Re8 12. Rc1 Bf8 13. a3 Bg4 14. h3 Be6 15.
Nxc6 bxc6 16. Na4 Qd7 17. Kh2 Bf5 18. Bc5 Bxc5 19. Nxc5 Qe7 20. e3 Qe5 21. Qd2
h5 22. Qc3 Qxc3 23. Rxc3 Reb8 24. b3 a5 25. Rd1 Kf8 26. Rd4 Ke7 27. e4 dxe4 28.
Nxe4 Bxe4 29. Bxe4 c5 30. Rxc5 Nxe4 31. Rxe4+ Kd6 32. Rc3 Rb5 33. Rd3+ Rd5 34.
Rxd5+ Kxd5 35. Re7 Rb8 36. Rxf7 g6 37. Ra7 Rb5 38. a4 Rc5 39. Ra6 g5 40. Rb6
Kd4 1-0

[Event "IX Festival A"]
[Site "Cesenatico ITA"]
[Date "2004.09.07"]
[Round "4"]
[White "Gaiba, Paolo"]
[Black "Dragojlovic, Andjelko"]
[Result "1-0"]
[WhiteElo "2145"]
[BlackElo "2309"]
[PlyCount "118"]
[EventDate "2004.09.04"]

1. e4 c5 2. d4 cxd4 3. c3 g6 4. Nf3 Bg7 5. Bc4 d3 6. Bg5 h6 7. Bh4 g5 8. Bg3
Nc6 9. Qxd3 d6 10. Nbd2 Nf6 11. Bb3 O-O 12. O-O Nh5 13. Nc4 Be6 14. Bc2 Bxc4
15. Qxc4 Rc8 16. Qe2 Nxg3 17. hxg3 Qc7 18. Kh2 b5 19. Rac1 Rfd8 20. Bb1 Qb6 21.
Ne1 e5 22. Nc2 d5 23. exd5 Rxd5 24. Qe4 Ne7 25. Ne3 Rd2 26. f4 gxf4 27. gxf4
Ng6 28. fxe5 Bxe5+ 29. Kh1 Re2 30. Qf5 Rf8 31. Nd5 Qd8 32. Qh5 Qh4+ 33. Qxh4
Nxh4 34. Rc2 Rxc2 35. Bxc2 Kg7 36. Re1 Re8 37. Nc7 Re7 38. Nxb5 Kf6 39. Be4 Kg5
40. Rd1 Bg3 41. Bd3 f5 42. Nd4 f4 43. Bc4 Nf5 44. a4 Bf2 45. Nxf5 Kxf5 46. Kh2
Kg4 47. Bd5 Bg3+ 48. Kg1 Be1 49. Kf1 Bg3 50. b4 Re3 51. c4 Rc3 52. c5 a5 53. b5
Rxc5 54. b6 f3 55. Bxf3+ Kf5 56. b7 Ke6 57. Rb1 Bb8 58. Rb6+ Ke5 59. Rxh6 Rc4
1-0

[Event "IX Festival A"]
[Site "Cesenatico ITA"]
[Date "2004.09.07"]
[Round "4"]
[White "Galassi, Federico"]
[Black "Kemeny, Matthias"]
[Result "1-0"]
[WhiteElo "1943"]
[BlackElo "2074"]
[PlyCount "61"]
[EventDate "2004.09.04"]

1. e4 c6 2. d4 d5 3. exd5 cxd5 4. c4 Nf6 5. Nc3 Nc6 6. Nf3 e6 7. c5 Be7 8. Bb5
O-O 9. O-O Bd7 10. Re1 b6 11. Bxc6 Bxc6 12. Ne5 Qc8 13. b4 bxc5 14. dxc5 Rb8
15. Rb1 Ba8 16. Bf4 a5 17. a3 axb4 18. axb4 Rb7 19. Qe2 d4 20. Nb5 Nd5 21. Bd2
f6 22. Nf3 e5 23. Qc4 Rd7 24. Nbxd4 exd4 25. Nxd4 Kh8 26. Ne6 Rg8 27. b5 Nc7
28. Nf4 Re8 29. Rb3 g5 30. Qf7 Rg8 31. Rh3 1-0

[Event "IX Festival A"]
[Site "Cesenatico ITA"]
[Date "2004.09.07"]
[Round "4"]
[White "Giussani, Igor"]
[Black "Terbonati, Paolo"]
[Result "1/2-1/2"]
[WhiteElo "1670"]
[BlackElo "1931"]
[PlyCount "53"]
[EventDate "2004.09.04"]

1. d4 Nf6 2. Nf3 g6 3. g3 Bg7 4. Bg2 O-O 5. O-O d6 6. Nbd2 c5 7. c3 cxd4 8.
cxd4 d5 9. b3 Nc6 10. Bb2 b5 11. Ne5 Bb7 12. Nxc6 Bxc6 13. Nf3 Qb6 14. Ne5 Rac8
15. Rc1 b4 16. a3 a5 17. axb4 axb4 18. Nd3 Bb5 19. Nc5 e6 20. Re1 Nd7 21. Nxd7
Bxd7 22. Qd2 Rxc1 23. Rxc1 Ra8 24. e3 Ra2 25. Ra1 Qa5 26. Rxa2 Qxa2 27. Bc3
1/2-1/2

[Event "IX Festival A"]
[Site "Cesenatico ITA"]
[Date "2004.09.07"]
[Round "4"]
[White "Gromovs, Sergejs"]
[Black "Steccanella, Sergio"]
[Result "1-0"]
[WhiteElo "2341"]
[BlackElo "1724"]
[PlyCount "55"]
[EventDate "2004.09.04"]

1. d4 Nf6 2. Nf3 g6 3. c4 Bg7 4. Nc3 O-O 5. e4 d6 6. Be2 c5 7. d5 Nbd7 8. O-O
Nb6 9. h3 a6 10. Bg5 h6 11. Be3 Nfd7 12. Qd2 Kh7 13. a4 Rb8 14. a5 Na8 15. Bd3
Nc7 16. e5 Ne8 17. e6 fxe6 18. dxe6 Ndf6 19. Bxg6+ Kh8 20. Bf7 Ng8 21. Nh4 Ngf6
22. Ng6+ Kh7 23. Qd3 Rxf7 24. Ne5+ Kg8 25. exf7+ Kf8 26. fxe8=Q+ Qxe8 27. Ng6+
Kg8 28. Rfe1 1-0

[Event "IX Festival A"]
[Site "Cesenatico ITA"]
[Date "2004.09.07"]
[Round "4"]
[White "Guccione, Daniele"]
[Black "Giorgi, Sandro"]
[Result "1/2-1/2"]
[WhiteElo "1814"]
[BlackElo "1599"]
[PlyCount "103"]
[EventDate "2004.09.04"]

1. e4 c6 2. d4 d5 3. Nc3 dxe4 4. Nxe4 Nd7 5. Nf3 Ngf6 6. Ng3 e6 7. Bd3 c5 8.
O-O Qc7 9. Qe2 h6 10. Ne5 Bd6 11. Nf5 Kf8 12. Nxd6 Qxd6 13. Nxd7+ Bxd7 14. dxc5
Qxc5 15. Be3 Qc7 16. Bd4 Qa5 17. Bxf6 gxf6 18. Qf3 Bc6 19. Be4 Bxe4 20. Qxe4
Qb6 21. Rfd1 Ke7 22. Qd4 Qxd4 23. Rxd4 Rad8 24. Rad1 Rxd4 25. Rxd4 Rc8 26. c3
Rc5 27. Kf1 Re5 28. c4 b5 29. cxb5 Rxb5 30. b4 a5 31. bxa5 Rb1+ 32. Ke2 Rb2+
33. Rd2 Rb5 34. a4 Rxa5 35. Ra2 Kd6 36. Kd3 Kc6 37. Kc4 Kb6 38. Kb4 Rd5 39. a5+
Ka6 40. Kc4 Rd1 41. Ra3 Rd2 42. Rf3 f5 43. Kb4 Ra2 44. Kc5 Rd2 45. h3 h5 46. h4
Rd5+ 47. Kc6 Kxa5 48. Ra3+ Kb4 49. Ra7 Rd2 50. Rxf7 Rxf2 51. Kd6 Rxg2 52. Kxe6
1/2-1/2

[Event "IX Festival A"]
[Site "Cesenatico ITA"]
[Date "2004.09.07"]
[Round "4"]
[White "Koller, Hubert"]
[Black "Del Vecchio, Gastone"]
[Result "1-0"]
[WhiteElo "2107"]
[BlackElo "1896"]
[PlyCount "111"]
[EventDate "2004.09.04"]

1. d4 Nf6 2. c4 g6 3. Nc3 Bg7 4. e4 d6 5. Bd3 O-O 6. Nge2 Nbd7 7. f3 c6 8. Be3
Kh8 9. Qd2 Ng8 10. g4 c5 11. h4 cxd4 12. Nxd4 Ne5 13. Be2 Be6 14. b3 h5 15.
gxh5 gxh5 16. O-O-O Qc8 17. Nxe6 Qxe6 18. Nd5 Rac8 19. Kb1 f5 20. Nf4 Qf7 21.
Rdg1 fxe4 22. fxe4 Nf6 23. Nd5 Nxe4 24. Qc2 Nf6 25. Rf1 a6 26. Nxf6 Bxf6 27.
Qf5 Ng4 28. Bxg4 hxg4 29. Qxg4 Qh7+ 30. Qf5 Rg8 31. Bg5 Qxf5+ 32. Rxf5 Bxg5 33.
hxg5+ Kg7 34. Re1 Kg6 35. Rd5 Kf7 36. a4 Rc6 37. Kb2 e5 38. c5 Ke6 39. Rxd6+
Rxd6 40. cxd6 Kxd6 41. Rg1 Rg6 42. Kc3 Kd5 43. Kd3 a5 44. Ke3 b6 45. Rg2 Kd6
46. Ke4 Ke6 47. Rg3 Kf7 48. Kxe5 Rc6 49. Rf3+ Kg7 50. Rf6 Rc1 51. Rxb6 Rg1 52.
g6 Rg5+ 53. Kd4 Rg4+ 54. Kc5 Rg5+ 55. Kc4 Rg4+ 56. Kb5 1-0

[Event "IX Festival A"]
[Site "Cesenatico ITA"]
[Date "2004.09.07"]
[Round "4"]
[White "Lausen, Berthold"]
[Black "Masotti, Roberto"]
[Result "1-0"]
[WhiteElo "2059"]
[BlackElo "1874"]
[PlyCount "161"]
[EventDate "2004.09.04"]

1. d4 Nf6 2. c4 e6 3. g3 d5 4. Bg2 Be7 5. Nf3 O-O 6. O-O dxc4 7. Nc3 Nc6 8. e4
Bd7 9. Qe2 Na5 10. Ne5 b5 11. d5 b4 12. Nxd7 Qxd7 13. dxe6 Qxe6 14. Nb5 Qe5 15.
a4 c6 16. Bf4 Qh5 17. Bf3 Qg6 18. Nd4 h6 19. Nf5 Rfe8 20. Bc7 Bd8 21. Bxa5 Bxa5
22. Qxc4 Nd7 23. Bg2 Qf6 24. Rad1 Nb6 25. Qb3 Rad8 26. Ne3 Rxd1 27. Rxd1 Rd8
28. Rxd8+ Qxd8 29. e5 Qd7 30. Be4 c5 31. Bd3 Qxa4 32. Qxa4 Nxa4 33. b3 Nc3 34.
Bc4 Bc7 35. f4 Kf8 36. Kf2 g6 37. Ng4 Kg7 38. Nf6 Bb8 39. Ke3 Nd1+ 40. Kd2 Nf2
41. Nd7 Bc7 42. Bd5 h5 43. Ke2 Ng4 44. h3 Nh6 45. Nxc5 Bb6 46. Ne4 Nf5 47. Kd3
Kf8 48. g4 hxg4 49. hxg4 Ne3 50. Nf6 Ke7 51. Bf3 Ke6 52. Bb7 Bc5 53. Ke4 Bb6
54. Bd5+ Ke7 55. Ng8+ Kf8 56. Nh6 Nxd5 57. Kxd5 Be3 58. Ke4 Bd2 59. g5 Ke7 60.
Ng8+ Ke6 61. Nf6 a5 62. Ne8 a4 63. bxa4 b3 64. Nc7+ Kd7 65. Nb5 Bb4 66. Kd3 Be1
67. Nd4 b2 68. Kc2 Bc3 69. Ne2 Bd2 70. Kxb2 Ke6 71. Kc2 Be1 72. Nd4+ Kd5 73.
Kd3 Bf2 74. Nb5 Bg3 75. Ke3 Be1 76. Nd6 Ke6 77. Ke4 Bb4 78. Nc4 Be1 79. a5 Bf2
80. a6 Bc5 81. Nd6 {...} 1-0

[Event "IX Festival A"]
[Site "Cesenatico ITA"]
[Date "2004.09.07"]
[Round "4"]
[White "Lombardini, Giulio"]
[Black "Faini, Ivano"]
[Result "0-1"]
[WhiteElo "2072"]
[BlackElo "1679"]
[PlyCount "116"]
[EventDate "2004.09.04"]

1. e4 d5 2. exd5 Qxd5 3. Nc3 Qa5 4. d4 Bf5 5. Bd3 Bxd3 6. Qxd3 c6 7. Bd2 Qc7 8.
Nf3 e6 9. Ne4 Nd7 10. g3 Bd6 11. Nxd6+ Qxd6 12. O-O-O Ngf6 13. Bf4 Qe7 14. c4
a6 15. Rhe1 O-O 16. d5 cxd5 17. cxd5 Nc5 18. Qa3 Rac8 19. Kb1 Rfd8 20. dxe6
Rxd1+ 21. Rxd1 Qxe6 22. Re1 Qf5+ 23. Ka1 Nd3 24. Nd4 Nxe1 25. Nxf5 Nc2+ 26. Kb1
Nxa3+ 27. bxa3 Re8 28. Be3 Ng4 29. h3 Nxe3 30. Nxe3 Rc8 31. Kb2 Kf8 32. a4 Ke7
33. Nf5+ Kf6 34. Nd6 Rc6 35. Ne4+ Kf5 36. f3 g5 37. Kb3 h5 38. Kb4 g4 39. hxg4+
hxg4 40. Nd2 Rc2 41. fxg4+ Kxg4 42. Ne4 Kf3 43. Nd6 Kxg3 44. Nxf7 Kf4 45. a3
Ke4 46. Nd6+ Kd5 47. Kb3 Rc7 48. Nf5 Kc5 49. Ne3 a5 50. Nc4 b6 51. Nb2 Kd4 52.
Nd1 Rc5 53. Kb2 Rc4 54. Kb3 Rc1 55. Nb2 Rc3+ 56. Ka2 Ke3 57. Kb1 Kd2 58. Ka2
Kc2 0-1

[Event "IX Festival A"]
[Site "Cesenatico ITA"]
[Date "2004.09.07"]
[Round "4"]
[White "Lucchi, Lorenzo"]
[Black "Russo, Carmelo"]
[Result "1-0"]
[WhiteElo "1577"]
[BlackElo "1835"]
[PlyCount "73"]
[EventDate "2004.09.04"]

1. e4 c5 2. Nf3 d6 3. d4 cxd4 4. Nxd4 Nf6 5. Nc3 Nc6 6. Bc4 Nxd4 7. Qxd4 Bd7 8.
Bd2 Qb6 9. Qxb6 axb6 10. Be3 Rc8 11. Bb3 b5 12. h3 Bc6 13. f3 Nh5 14. g4 Nf6
15. O-O-O e6 16. Bf4 e5 17. Be3 Be7 18. Nd5 Nxd5 19. Bxd5 O-O 20. Rd2 Ra8 21.
Kb1 Ra6 22. Rhd1 Rfa8 23. Bb3 Bd7 24. Bc5 dxc5 25. Rxd7 c4 26. Rxe7 cxb3 27.
cxb3 h6 28. Rdd7 Rxa2 29. Rxf7 Ra1+ 30. Kc2 Rc8+ 31. Kd2 Ra2 32. Rxg7+ Kf8 33.
Rdf7+ Ke8 34. Rc7 Kd8 35. Rgd7+ Ke8 36. Re7+ Kd8 37. Rcd7# 1-0

[Event "IX Festival A"]
[Site "Cesenatico ITA"]
[Date "2004.09.07"]
[Round "4"]
[White "Maahs, Erich"]
[Black "Cioara, Andrei Nestor"]
[Result "0-1"]
[WhiteElo "2155"]
[BlackElo "2373"]
[PlyCount "85"]
[EventDate "2004.09.04"]

1. e4 e6 2. d4 d5 3. Nd2 Nf6 4. e5 Nfd7 5. Bd3 c5 6. c3 Nc6 7. Ne2 cxd4 8. cxd4
f6 9. f4 fxe5 10. fxe5 Nxd4 11. Nxd4 Qh4+ 12. g3 Qxd4 13. Nf3 Qb6 14. Qc2 h6
15. Bg6+ Kd8 16. Kf1 Bc5 17. Kg2 Nf8 18. Bd3 Bd7 19. h4 Rc8 20. Qe2 a6 21. a3
Bb5 22. b4 Bd4 23. Rb1 Nd7 24. Bf4 Bc3 25. h5 Kc7 26. Rhc1 Kb8 27. Rb3 d4 28.
Rbb1 Rhd8 29. Rd1 Qc6 30. Kh2 Nb6 31. Nh4 Bxd3 32. Qxd3 Nc4 33. Bc1 Ka8 34. Ng6
Qb5 35. Qe4 Qa4 36. Rf1 d3 37. Be3 d2 38. b5 d1=Q 39. Rfxd1 Rxd1 40. bxa6 Rxb1
41. Qxb1 Qxa6 42. Ne7 Rc7 43. Qb4 0-1

[Event "IX Festival A"]
[Site "Cesenatico ITA"]
[Date "2004.09.07"]
[Round "4"]
[White "Molina, Fabrizio"]
[Black "Costantini, Laura"]
[Result "1-0"]
[WhiteElo "2246"]
[BlackElo "2068"]
[PlyCount "70"]
[EventDate "2004.09.04"]

1. c4 g6 2. g3 Bg7 3. Bg2 d6 4. Nc3 e5 5. e4 Ne7 6. Nge2 O-O 7. O-O Nbc6 8. d3
f5 9. Nd5 Kh8 10. Rb1 a5 11. Be3 Be6 12. Qd2 Qd7 13. f3 Bf7 14. b3 Nxd5 15.
cxd5 Ne7 16. d4 c6 17. dxc6 bxc6 18. dxe5 Bxe5 19. f4 Bg7 20. Rbd1 fxe4 21.
Bxe4 Bd5 22. Nc3 Bxe4 23. Nxe4 Nd5 24. Bd4 Rfd8 25. Rc1 Ra6 26. Ng5 Re8 27.
Rce1 Rxe1 28. Rxe1 Ra8 29. Bxg7+ Qxg7 30. Re6 a4 31. bxa4 Rb8 32. Qe1 Qd4+ 33.
Kg2 Rb2+ 34. Kh3 Nf6 35. Re8+ Kg7 1-0

[Event "IX Festival A"]
[Site "Cesenatico ITA"]
[Date "2004.09.07"]
[Round "4"]
[White "Novotny, Michal"]
[Black "Salerni, Guido"]
[Result "1-0"]
[WhiteElo "2197"]
[BlackElo "1691"]
[PlyCount "115"]
[EventDate "2004.09.04"]

1. e4 d6 2. d4 Nf6 3. Bd3 g6 4. Nf3 Bg7 5. Nc3 O-O 6. h3 Nc6 7. a3 Nd7 8. Be3
a6 9. Qd2 b5 10. Ne2 Bb7 11. Ng3 e5 12. d5 Ne7 13. Bg5 f6 14. Bh6 Nc5 15. b4
Nxd3+ 16. cxd3 f5 17. Bxg7 Kxg7 18. Ng5 Bc8 19. h4 f4 20. Ne2 h6 21. Nf3 c6 22.
dxc6 Nxc6 23. Qc3 Bd7 24. d4 Rc8 25. Qb2 Qf6 26. Rd1 Bg4 27. dxe5 dxe5 28. Nc3
Bxf3 29. Nd5 Qf7 30. gxf3 Rfd8 31. Rg1 Kh7 32. Rg4 Nd4 33. Rxd4 exd4 34. Qxd4
Rf8 35. Rxf4 Qg7 36. Nf6+ Kh8 37. Kf1 Rc6 38. e5 Rc4 39. Qe3 Rxf4 40. Qxf4 Rxf6
41. exf6 Qf8 42. Kg2 Kg8 43. Qe5 Qf7 44. Qd6 Qb7 45. Qe6+ Kf8 46. Kg3 g5 47.
hxg5 hxg5 48. Qe7+ Qxe7 49. fxe7+ Kxe7 50. Kg4 Kf6 51. f4 gxf4 52. Kxf4 Ke6 53.
Ke4 Kd6 54. Kd4 Kc6 55. Ke5 Kc7 56. Ke6 Kc6 57. f4 Kc7 58. f5 1-0

[Event "IX Festival A"]
[Site "Cesenatico ITA"]
[Date "2004.09.07"]
[Round "4"]
[White "Pompili, Ugo"]
[Black "Braga, Gian Carlo"]
[Result "0-1"]
[WhiteElo "1801"]
[BlackElo "1461"]
[PlyCount "202"]
[EventDate "2004.09.04"]

1. Nf3 Nc6 2. d4 d5 3. e3 Nf6 4. c4 e6 5. Nc3 Be7 6. cxd5 exd5 7. Be2 O-O 8.
O-O Bf5 9. a3 a6 10. b4 Ne4 11. Bb2 Na7 12. Rc1 c6 13. Nxe4 Bxe4 14. Nd2 Bg6
15. Nb3 Nc8 16. Nc5 Nd6 17. Qd2 Qc7 18. a4 Ne4 19. Nxe4 dxe4 20. f4 exf3 21.
Bxf3 Qd6 22. Bc3 Rfc8 23. e4 h6 24. e5 Qe6 25. Qb2 Bg5 26. Rcd1 Qc4 27. Rfe1
Rd8 28. g3 h5 29. h4 Bh6 30. Kg2 Qe6 31. Bd2 Bxd2 32. Qxd2 Qb3 33. a5 Bc2 34.
Rc1 Bg6 35. Re3 Qe6 36. Qc3 Rd7 37. Rd1 Rad8 38. Kh2 Qf5 39. Bg2 Qc2 40. Qe1
Rxd4 41. Rc1 Qd2 42. Qxd2 Rxd2 43. e6 fxe6 44. Rxe6 Bf7 45. Ree1 Bd5 46. Rg1
Rb2 47. Kh1 Rxb4 48. Bxd5+ Rxd5 49. Rce1 Rxa5 50. Rgf1 Rg4 51. Re7 Rb5 52. Re8+
Kh7 53. Rff8 Rxg3 54. Rh8+ Kg6 55. Re6+ Kf7 56. Rhe8 Rb4 57. Kh2 Rgg4 58. R6e7+
Kg6 59. Rg8 Rxh4+ 60. Kg3 Rbg4+ 61. Kf3 Rh3+ 62. Kf2 Rf4+ 63. Ke2 Rf7 64. Re5
Rb3 65. Re6+ Kh7 66. Ree8 Rbf3 67. Rh8+ Kg6 68. Re6+ R3f6 69. Re5 Rf5 70. Re6+
Kg5 71. Re3 Kg4 72. Rd8 Rd5 73. Rde8 g6 74. R8e4+ Kg5 75. Rg3+ Kh6 76. Re6 Rg5
77. Rge3 Rgf5 78. Rg3 Rg7 79. Ke3 Kh7 80. Re4 c5 81. Re6 c4 82. Kd4 Rf4+ 83.
Ke3 b5 84. Rxa6 h4 85. Rh3 g5 86. Rd6 Ra7 87. Kd2 Rf5 88. Rh1 Ra2+ 89. Kc3 Ra3+
90. Kb4 Rb3+ 91. Ka5 b4+ 92. Kb6 Rd3 93. Rc6 c3 94. Re1 Rf7 95. Ree6 b3 96.
Rh6+ Kg8 97. Rcg6+ Kf8 98. Rxg5 b2 99. Rg1 c2 100. Rh8+ Ke7 101. Re1+ Kd7 0-1

[Event "IX Festival A"]
[Site "Cesenatico ITA"]
[Date "2004.09.07"]
[Round "4"]
[White "Popa, Claudiu"]
[Black "Weinberg, Emanuele"]
[Result "1-0"]
[WhiteElo "2183"]
[BlackElo "1952"]
[PlyCount "69"]
[EventDate "2004.09.04"]

1. e4 d5 2. exd5 Qxd5 3. Nc3 Qa5 4. d4 Nf6 5. Bc4 c6 6. h3 Bf5 7. Nf3 e6 8. Bd2
Nbd7 9. g4 Bg6 10. Qe2 Bb4 11. a3 O-O-O 12. O-O-O Bxc3 13. Bxc3 Qc7 14. Bd2 Nb6
15. Bb3 c5 16. dxc5 Qxc5 17. Be3 Qc7 18. Nd4 Kb8 19. Nb5 Qe5 20. f4 Qe4 21. f5
exf5 22. Qh2+ f4 23. Qxf4+ Qxf4 24. Bxf4+ Ka8 25. Nc7+ Kb8 26. Ne6+ Kc8 27.
Nxd8 Rxd8 28. Rxd8+ Kxd8 29. Bg5 Nbd7 30. Rd1 Ke7 31. Re1+ Kd6 32. Bf4+ Kc6 33.
Re7 Nc5 34. Bxf7 Be4 35. b4 1-0

[Event "IX Festival A"]
[Site "Cesenatico ITA"]
[Date "2004.09.07"]
[Round "4"]
[White "Pozzi, Enrico"]
[Black "Lapenna, Antonio"]
[Result "1/2-1/2"]
[WhiteElo "2208"]
[BlackElo "2030"]
[PlyCount "85"]
[EventDate "2004.09.04"]

1. e4 c5 2. Nf3 d6 3. Bb5+ Nd7 4. O-O Ngf6 5. Re1 e6 6. d4 cxd4 7. Qxd4 Be7 8.
Nc3 O-O 9. Bg5 a6 10. Bxd7 Qxd7 11. Rad1 Rd8 12. a4 h6 13. Bxf6 Bxf6 14. e5
dxe5 15. Qb6 Qe7 16. Ne4 Bd7 17. Qxb7 Bxa4 18. Nxf6+ Qxf6 19. Qe4 Qf5 20. Rxd8+
Rxd8 21. b3 Qxe4 22. Rxe4 Bc6 23. Rxe5 Bxf3 24. gxf3 Kf8 25. Ra5 Rc8 26. Rxa6
Rxc2 27. Ra7 Rc3 28. b4 Rxf3 29. b5 Rb3 30. Rb7 g5 31. Kg2 Kg7 32. b6 Kf6 33.
Rb8 Ke7 34. b7 Kd7 35. Rf8 Rxb7 36. Rxf7+ Kc6 37. Rf6 Kd5 38. Rxh6 Ke5 39. h3
Kf5 40. Rh8 Rf7 41. Kf3 e5 42. Ra8 Rf6 43. Rg8 1/2-1/2

[Event "IX Festival A"]
[Site "Cesenatico ITA"]
[Date "2004.09.07"]
[Round "4"]
[White "Pruesse, Horst"]
[Black "Calzetta Ruiz, Monica"]
[Result "0-1"]
[WhiteElo "2126"]
[BlackElo "2289"]
[PlyCount "64"]
[EventDate "2004.09.04"]

1. e4 c5 2. d4 cxd4 3. c3 dxc3 4. Nxc3 Nc6 5. Nf3 a6 6. Bc4 e6 7. O-O Nge7 8.
Qe2 Ng6 9. Be3 Be7 10. Na4 O-O 11. Nb6 Rb8 12. Rfd1 Bb4 13. Ng5 Qe7 14. f4 Bc5
15. Qf2 Bxe3 16. Qxe3 h6 17. Nf3 Nxf4 18. Nxc8 Rbxc8 19. Qxf4 Qc5+ 20. Kh1 Qxc4
21. Rxd7 b5 22. b3 Qc2 23. g4 e5 24. Qf5 g6 25. Qf6 Qxe4 26. Rc1 Qxg4 27. Rb7
Nd4 28. Rxc8 Qxc8 29. Ra7 Qc1+ 30. Kg2 Qc2+ 31. Kg3 Nf5+ 32. Kh3 Qd3 0-1

[Event "IX Festival A"]
[Site "Cesenatico ITA"]
[Date "2004.09.07"]
[Round "4"]
[White "Roeder, Matthias"]
[Black "Jonkman, Harmen"]
[Result "1/2-1/2"]
[WhiteElo "2431"]
[BlackElo "2425"]
[PlyCount "21"]
[EventDate "2004.09.04"]

1. Nf3 d5 2. c4 dxc4 3. e3 e6 4. Bxc4 c5 5. O-O a6 6. b3 Nf6 7. Bb2 Bd6 8. d4
O-O 9. dxc5 Bxc5 10. Nbd2 Be7 11. Qb1 1/2-1/2

[Event "IX Festival A"]
[Site "Cesenatico ITA"]
[Date "2004.09.07"]
[Round "4"]
[White "Rotstein, Arkadij"]
[Black "Di Caro, Calogero"]
[Result "1/2-1/2"]
[WhiteElo "2524"]
[BlackElo "2322"]
[PlyCount "97"]
[EventDate "2004.09.04"]

1. c4 e5 2. g3 Nc6 3. Bg2 g6 4. Nc3 Bg7 5. Rb1 a5 6. a3 Nf6 7. b4 axb4 8. axb4
O-O 9. e3 Ne7 10. Qb3 c6 11. Nf3 d5 12. cxd5 Nexd5 13. Bb2 Bf5 14. Ra1 Rxa1+
15. Bxa1 Re8 16. O-O Qb6 17. Nxd5 Nxd5 18. Ng5 e4 19. Bxg7 Kxg7 20. d3 Qxb4 21.
Qxb4 Nxb4 22. Nxe4 Nxd3 23. Nd6 Re7 24. Rb1 Nc5 25. Nxf5+ gxf5 26. Kf1 Ne4 27.
Rb4 Kf6 28. Ke2 Nd6 29. Kd3 Rd7 30. Ke2 Ke6 31. Bh3 Re7 32. Rf4 Ke5 33. Rh4 f6
34. Rh5 c5 35. Bxf5 Nxf5 36. g4 Rc7 37. Rxf5+ Ke6 38. Kd3 b5 39. Kc3 b4+ 40.
Kc4 Rb7 41. Rd5 b3 42. Rd1 Rb4+ 43. Kxc5 Rxg4 44. Rd2 Rg2 45. h3 Rh2 46. Rb2
Rxh3 47. Rxb3 f5 48. Rb7 h5 49. Rh7 1/2-1/2